Further studies on Yersinia ruckeri in fishes (Record no. 14902)
[ view plain ]
| 000 -LEADER | |
|---|---|
| fixed length control field | 00894cam a2200265Ia 45 0 |
| 001 - CONTROL NUMBER | |
| control field | u157952 |
| 003 - CONTROL NUMBER IDENTIFIER | |
| control field | SIRSI |
| 008 - FIXED-LENGTH DATA ELEMENTS--GENERAL INFORMATION | |
| fixed length control field | 091217s2004 ua a bm 000 0 eng d |
| 040 ## - CATALOGING SOURCE | |
| Original cataloging agency | EAL |
| 041 ## - LANGUAGE CODE | |
| Language code of text/sound track or separate title | eng |
| Language code of summary or abstract | ara |
| 090 ## - LOCALLY ASSIGNED LC-TYPE CALL NUMBER (OCLC); LOCAL CALL NUMBER (RLIN) | |
| Classification number (OCLC) (R) ; Classification number, CALL (RLIN) (NR) | CD-1396 |
| 100 1# - MAIN ENTRY--PERSONAL NAME | |
| Personal name | Abd El- Latief,Jehan Ibrahim |
| 245 10 - TITLE STATEMENT | |
| Title | Further studies on Yersinia ruckeri in fishes |
| Medium | [computer file]/ |
| Statement of responsibility, etc. | Jehan Ibrahim Abd El- Latief. |
| 260 ## - PUBLICATION, DISTRIBUTION, ETC. | |
| Date of publication, distribution, etc. | 2004. |
| 300 ## - PHYSICAL DESCRIPTION | |
| Extent | Computer laser optical disks; |
| Dimensions | 4 3/4 in.. |
| 502 ## - DISSERTATION NOTE | |
| Dissertation note | thesis (Ph.D) --Cairo University,2004. |
| 504 ## - BIBLIOGRAPHY, ETC. NOTE | |
| Bibliography, etc. note | Includes bibliographical references (leaves 136-179). |
| 538 ## - SYSTEM DETAILS NOTE | |
| System details note | Systems requirments:Adobe Reader. |
| 546 ## - LANGUAGE NOTE | |
| Language note | Summary in Arabic. |
| 596 ## - | |
| -- | 1 |
| 650 #0 - SUBJECT ADDED ENTRY--TOPICAL TERM | |
| Topical term or geographic name entry element | Fishes |
| General subdivision | Diseases . |
| 650 #0 - SUBJECT ADDED ENTRY--TOPICAL TERM | |
| Topical term or geographic name entry element | Bacterial diseases in fishes. |
| 856 40 - ELECTRONIC LOCATION AND ACCESS | |
| Uniform Resource Identifier | <a href="http://nile.enal.sci.eg/thesis/1396.pdf">http://nile.enal.sci.eg/thesis/1396.pdf</a> |
| Public note | Content & Abstract |
| 942 ## - ADDED ENTRY ELEMENTS (KOHA) | |
| Koha item type | E-Thesis |
| Source of classification or shelving scheme | Library of Congress Classification |
| Withdrawn status | Lost status | Source of classification or shelving scheme | Damaged status | Not for loan | Home library | Current library | Date acquired | Total Checkouts | Full call number | Barcode | Date last seen | Copy number | Price effective from | Koha item type |
|---|---|---|---|---|---|---|---|---|---|---|---|---|---|---|
| Library of Congress Classification | Main | Main | 02/19/2018 | CD-1396 | CD001396 | 02/19/2018 | 1 | 02/19/2018 | E-Thesis |